1142 1406 1340 1379 1280 1067 1690 1119 1252 1374 1537 1958 1377 1950 1095 1775 1603 1790 1277 1025 1940 1581 1913 1873 1897 1536 1902 1407 1128 1918 1961 1462 1873 1507 1420 1709 1626 1990 1991 1704 1110 1320 1733 1291 1084 1084 1902 1610 1799 1925 1649 1578 1923 1813 1430 1801 1755 1552 1848 1348 1051 1978 1980 1728 1704 1996 1285 1627 1141 1122 1955 1112 1042 1197 1508 1823 1979 1513 1388 1735 1893 1443 1304 1387 1509 1017 1431 1173 1794 1364 1917 1861 1987 1852 1614 1466 1317 1685 1980 BCNSPRNW ULIB Ver.6.0+V

เปลี่ยนเป็นภาษาไทย

Change to English
 แสดงรายละเอียดบรรณานุกรม
  กลับหน้าหลัก

Brief Record : Get Marc (ISO 2709) : E-mail record : QR code < ปิดหน้าต่าง
LEADER : 00000nam 2200000uu 4500
001    13399109928
003     ULIB
008    110418s2551||||th 000 0 tha d
020    9789740449287
060 04 WE304^bก351ร 2551
245 00 โรคเกาต์ /^cกองบรรณาธิการใกล้หมอ ; บรรณาธิการ, เอื้อมพรสกุลแก้ว
260    กรุงเทพฯ :^bใกล้หมอ,^c2551
300    143 หน้า ;^c21 ซม.
650  7 ข้ออักเสบ
650  7 โรคเก๊าต์
700 0  เอื้อมพร สกุลแก้ว,^eบรรณาธิการ
710 2  กองบรรณาธิการใกล้หมอ
945    ^p165^l0^i024291
945    ^p165^l0^i024290
995    ทศพร
999 ^a ใช้งานได้ทุกระบบ
รายการนี้ยังไม่มีแท็ก
คุณยังไม่ได้ล็อกอิน คุณสามารถมีกิจกรรมร่วมกับเว็บไซต์ได้ แต่ต้องล็อกอินก่อน ::
  ล็อกอิน

รายการสื่อสารสนเทศ

ลำดับที่ ประเภท เลขเรียก/บาร์โค้ด สถานที่ สถานะ
- ไม่พบข้อมูล -

รายการใกล้เคียง
    หัวเรื่อง [ข้ออักเสบ]
    หัวเรื่อง [โรคเก๊าต์]

BibComment


ยังไม่เคยถูกคอมเมนท์

คอมเมนท์ทรัพยากรรายการนี้
  คอมเมนท์: โรคเกาต์ กองบรรณ..


 Copyright 2026. Bcnsprnw @Library